Matky a kamionisti

Príbehy piatich žien, troch Sloveniek a dvoch Talianok, ktoré sa prelínajú, dopĺňajú, popierajú a pritom zapadajú do seba. Päť rozdielnych životných osudov odohrávajúcich sa v Bratislave a v Turíne, v uliciach, domovoch, vzťahoch, telách, na internete, ale najmä v hlavách. Vzťahy s matkami, vzťahy s...

Full description

Bibliographic Details
Main Author: Dobrakovová, Ivana, 1982- (Author)
Other Authors: Turčanová, Katarína, 1978- (Narrator)
Format: CD Audio
Language:Slovak
Published: Levoča Slovenská knižnica pre nevidiacich Mateja Hrebendu 2019
Subjects:

MARC

LEADER 00000nim a2200000 a 4500
001 vtls011901043
003 SK-MaSNL
005 20260302060532.0
007 sd fungnnmmned
008 191118s2019 xo nnnnfs f n slo
015 |a SNBJ2022 
020 |a 9788018082904 (CDROM) 
040 |a SNK  |b slo  |c SNK  |e AACR2 
041 0 |a slo 
044 |a xo  |c SK 
072 7 |a 821.162.4-3  |x Slovenská próza  |2 konspekt 
080 |a 821.162.4-31  |2 2011 
080 |a (086.76)  |2 2011 
100 1 |a Dobrakovová, Ivana,  |d 1982-  |4 aut  |9 107727 
245 1 0 |a Matky a kamionisti  |h elektronický zdroj  |c Ivana Dobrakovová ; číta: Katarína Turčanová 
260 |a Levoča  |b Slovenská knižnica pre nevidiacich Mateja Hrebendu  |c 2019 
300 |a 1 elektronický optický disk (CD-ROM)  |b digitálny, MP3  |c 12cm 
306 |a 085300 
520 8 |a Príbehy piatich žien, troch Sloveniek a dvoch Talianok, ktoré sa prelínajú, dopĺňajú, popierajú a pritom zapadajú do seba. Päť rozdielnych životných osudov odohrávajúcich sa v Bratislave a v Turíne, v uliciach, domovoch, vzťahoch, telách, na internete, ale najmä v hlavách. Vzťahy s matkami, vzťahy s kamionistami, virtuálne, príliš reálne, alebo aj žiadne. 
521 |a Pre nevidiacich, slabozrakých a inak zdravotne postihnutých 
655 7 |a zvukové záznamy  |2 SNKPH  |9 70720 
655 7 |a slovenské romány  |2 SNKPH  |9 70324 
700 1 |a Turčanová, Katarína,  |d 1978-  |4 nrt  |9 197532 
787 0 8 |i Podľa knihy:  |t Matky a kamionisti  |d Bratislava : Marenčin PT, 2018  |z 978-80-569-0041-3 
919 |a 978-80-18-08290-4 
958 |a SX 
958 |a LX 
999 |c 1121663  |d 1123593 
952 |a SNK  |b SNK  |y PREZ  |7 0  |p 17A1446068  |o snkSCD 5409  |i snk2020/20529  |8 0  |0 0  |1 0  |4 0  |d 2020-11-12  |l 0  |r 2026-02-24 18:33:59  |w 2026-02-24